ბათუმის შოთა რუსთაველის სახელმწიფო უნივერსიტეტის ბიბლიოთეკა

Антенно-фидерные устройства. (ბიბ.ჩანაწერი № 38387)

000 -LEADER
fixed length control field 00620nam a2200217Ia 4500
001 - CONTROL NUMBER
control field 4397
003 - CONTROL NUMBER IDENTIFIER
control field GE_BSU
008 - FIXED-LENGTH DATA ELEMENTS--GENERAL INFORMATION
fixed length control field 181216s||||||||xx |||||||||||||| ||und||
040 ## - CATALOGING SOURCE
Transcribing agency GE_BSU
080 ## - UNIVERSAL DECIMAL CLASSIFICATION NUMBER
Universal Decimal Classification number 621.396.67(075.8)
100 ## - MAIN ENTRY--PERSONAL NAME
Personal name Кочержевский, Г.Н.
245 ## - TITLE STATEMENT
Title Антенно-фидерные устройства.
245 ## - TITLE STATEMENT
Statement of responsibility, etc. Ред. Г.И. Вейцман.
260 ## - PUBLICATION, DISTRIBUTION, ETC.
Place of publication, distribution, etc. М.
260 ## - PUBLICATION, DISTRIBUTION, ETC.
Name of publisher, distributor, etc. Связь.
260 ## - PUBLICATION, DISTRIBUTION, ETC.
Date of publication, distribution, etc. 1968.
300 ## - PHYSICAL DESCRIPTION
Extent 482 стр. 21 см. Библиогр.:стр.477-480.
653 ## - INDEX TERM--UNCONTROLLED
Uncontrolled term Антенно-фидерные устройства.
942 ## - ADDED ENTRY ELEMENTS (KOHA)
Koha item type წიგნი
ეგზემპლარები
Withdrawn status Lost status Damaged status Not for loan Date acquired Barcode Date last seen Price effective from Koha item type Public note
        2018-12-17 8683 2018-12-17 2018-12-17 წიგნი საცავი